000 00972nam a22002297a 4500
003 OSt
005 20251016172450.0
008 240201b ||||| |||| 00| 0 eng d
040 _c0
082 _aDPer 621.317 Ie21 January 2022 v. 37 n. 1
100 _aArchlerkar, Pankaj D.
_eauthor.
_951044
245 _aNew perspectives on stability of decoupled double synchronous reference frame PLL /
_cPankaj D. Archlerkar and Bijaya Ketan Panigrahi.
260 _aNew York ;
_bThe Institute of Electrical and Electronics Engineers, Inc. ,
_cJanuary 2022.
300 _aVolume 37, pages 285-302 :
_billustration ;
_c28 cm.
500 _aIEEE Transactions on Power Electronics, v. 37 n. 1, pages 285-302, January 2022.
650 0 _aAnalytical models.
_965753
650 0 _aPower system stability.
_965754
650 0 _aSynchronization.
_965755
700 _aArchlerkar, Pankaj D.
_eauthor.
_951044
700 _aPanigrahi, Bijaya Ketan.
_eauthor.
_952982
942 _2ddc
_cPER
999 _c18843
_d18843